<?xml version="1.0" encoding="UTF-8"?>
<record
    xmlns:xsi="http://www.w3.org/2001/XMLSchema-instance"
    xsi:schemaLocation="http://www.loc.gov/MARC21/slim http://www.loc.gov/standards/marcxml/schema/MARC21slim.xsd"
    xmlns="http://www.loc.gov/MARC21/slim">

  <leader>00683nam a2200145Ia 4500</leader>
  <controlfield tag="008">100204s9999    xx            000 0 und d</controlfield>
  <datafield tag="082" ind1=" " ind2=" ">
    <subfield code="b">19302</subfield>
  </datafield>
  <datafield tag="100" ind1=" " ind2=" ">
    <subfield code="a">&#x92A;&#x917;&#x921;&#x940;   &#x938;&#x947;&#x924;&#x941;&#x92E;&#x93E;&#x927;&#x935;&#x930;&#x93E;&#x935;</subfield>
  </datafield>
  <datafield tag="245" ind1=" " ind2=" ">
    <subfield code="a">&#x92E;&#x94B;&#x917;&#x932; &#x926;&#x930;&#x92C;&#x93E;&#x930;&#x91A;&#x940; &#x92C;&#x93E;&#x924;&#x92E;&#x940;&#x92A;&#x924;&#x94D;&#x930;&#x947; &#x916;&#x902;&#x921; 2</subfield>
  </datafield>
  <datafield tag="260" ind1=" " ind2=" ">
    <subfield code="b">"&#x92E;&#x939;&#x93E;&#x930;&#x93E;&#x937;&#x94D;&#x91F;&#x94D;&#x930;  &#x930;&#x93E;&#x91C;&#x94D;&#x92F;  &#x938;&#x93E;&#x939;&#x93F;&#x924;&#x94D;&#x92F;  &#x906;&#x923;&#x93F;  &#x938;&#x902;&#x938;&#x94D;&#x915;&#x943;&#x924;&#x940;  &#x92E;&#x902;&#x921;&#x933;, &#x92E;&#x941;&#x902;&#x92C;&#x908;"</subfield>
    <subfield code="c">1983</subfield>
  </datafield>
  <datafield tag="300" ind1=" " ind2=" ">
    <subfield code="a">376</subfield>
  </datafield>
  <datafield tag="630" ind1=" " ind2=" ">
    <subfield code="a">&#x92E;&#x94B;&#x917;&#x932; &#x926;&#x930;&#x92C;&#x93E;&#x930;&#x91A;&#x940; &#x92C;&#x93E;&#x924;&#x92E;&#x940;&#x92A;&#x924;&#x94D;&#x930;&#x947; &#x916;&#x902;&#x921; 2</subfield>
  </datafield>
  <datafield tag="730" ind1=" " ind2=" ">
    <subfield code="a">&#x92E;&#x94B;&#x917;&#x932; &#x926;&#x930;&#x92C;&#x93E;&#x930;&#x91A;&#x940; &#x92C;&#x93E;&#x924;&#x92E;&#x940;&#x92A;&#x924;&#x94D;&#x930;&#x947; &#x916;&#x902;&#x921; 2</subfield>
  </datafield>
  <datafield tag="942" ind1=" " ind2=" ">
    <subfield code="c">BOOK</subfield>
  </datafield>
  <datafield tag="999" ind1=" " ind2=" ">
    <subfield code="c">463724</subfield>
    <subfield code="d">463721</subfield>
  </datafield>
  <datafield tag="952" ind1=" " ind2=" ">
    <subfield code="0">0</subfield>
    <subfield code="1">0</subfield>
    <subfield code="4">0</subfield>
    <subfield code="7">0</subfield>
    <subfield code="a">NCKMULUND</subfield>
    <subfield code="b">NCKMULUND</subfield>
    <subfield code="d">2010-02-04</subfield>
    <subfield code="g">30.00</subfield>
    <subfield code="l">0</subfield>
    <subfield code="o">19302</subfield>
    <subfield code="p">NCKMULUND-19302</subfield>
    <subfield code="r">2010-02-04 00:00:00</subfield>
    <subfield code="v">30.00</subfield>
    <subfield code="w">2010-02-04</subfield>
    <subfield code="y">BOOK</subfield>
  </datafield>
</record>
